000 00240nam a2200097Ia 4500
001 806710
005 20250826171217.0
008 250824s9999 xx 000 0 und d
245 0 _aÖLÜMLE RANDEVU
_cAGATHA CHRISTIE
260 _bALTIN YAYINLARI
999 _c806710
_d806710